|
|
|
|
| LEADER |
00000cam a2200000 7i4500 |
| 001 |
0000000531 |
| 005 |
20000828.0 |
| 020 |
0 |
0 |
|a 0078522625
|
| 090 |
0 |
0 |
|a 003.3
|b KOR 1989
|
| 100 |
1 |
0 |
|a KORN
|h Granino Arthur
|
| 245 |
1 |
0 |
|a Interactive dynamic system simulation
|c Granino A. Korn
|
| 260 |
0 |
0 |
|a New York :
|b McGraw Hill ,
|c 1989
|
| 300 |
|
|
|a xi, 194 p. :
|b ill. ;
|c 24 cm.
|
| 500 |
0 |
0 |
|a Includes bibliographical references and index
|
| 650 |
0 |
0 |
|a Computer simulation
|
| 650 |
0 |
0 |
|a Dynamics
|
| 650 |
0 |
0 |
|a Interactive computer systems
|
| 650 |
0 |
0 |
|a Microcomputers
|
| 999 |
|
|
|a 0000000340
|b Monograph
|c Open Shelf
|e Default branch
|